[Event "Titled Tuesday intern op 23rd Apr Late"]
[Site "Chess.com INT"]
[Date "2024.04.23"]
[Round "1"]
[White "Gholami Orimi, Mahdi"]
[Black "Bruedigam, Martin"]
[Result "1-0"]
[WhiteElo "2470"]
[BlackElo "2372"]
[PlyCount "57"]
[EventDate "2024.04.23"]
[EventType "swiss (blitz)"]
[EventRounds "11"]
[EventCountry "USA"]
[SourceTitle "CB18_2024"]
[SourceDate "2024.05.01"]
[SourceVersion "1"]
[SourceVersionDate "2024.05.01"]
[SourceQuality "2"]

1. c4 e5 2. Nc3 Nf6 3. Nf3 e4 4. Ng5 c6 5. Qa4 Qe7 6. Qc2 d5 7. cxd5 Bf5 8. dxc6 Nxc6 9. e3 h6 10. Nh3 a6 11. Nf4 Rd8 12. h4 Qd7 13. a3 Ne5 14. b4 Bd6 15. Bb2 0-0 16. Be2 Rfe8 17. Nfd5 Nxd5 18. Nxd5 Nd3+ 19. Bxd3 exd3 20. Qb3 Bb8 21. Nc3 Qc6 22. b5 Qxg2 23. 0-0-0 axb5 24. Rdg1 Qf3 25. Nxb5 Be5 26. Nd4 Rc8+ 27. Kb1 Bxd4 28. Bxd4 Bg6 29. h5 1-0

[Event "Titled Tuesday intern op 23rd Apr Late"]
[Site "Chess.com INT"]
[Date "2024.04.23"]
[Round "5"]
[White "Kornyukov, Alexey"]
[Black "Bruedigam, Martin"]
[Result "0-1"]
[WhiteElo "2452"]
[BlackElo "2372"]
[PlyCount "66"]
[EventDate "2024.04.23"]
[EventType "swiss (blitz)"]
[EventRounds "11"]
[EventCountry "USA"]
[SourceTitle "CB18_2024"]
[SourceDate "2024.05.01"]
[SourceVersion "1"]
[SourceVersionDate "2024.05.01"]
[SourceQuality "2"]

1. d4 Nf6 2. c4 c5 3. d5 e6 4. Nc3 exd5 5. cxd5 g6 6. e4 d6 7. f3 Bg7 8. Bg5 0-0 9. Qd2 Qb6 10. a4 Nh5 11. g4 Nf6 12. h4 Na6 13. h5 Nb4 14. Nge2 Re8 15. Ng3 Nxg4 16. fxg4 Bxg4 17. Be2 Bxe2 18. Ngxe2 c4 19. Be3 Qa5 20. 0-0 Re5 21. h6 Bh8 22. Ng3 Nd3 23. Kg2 Rae8 24. Rf3 R5e7 25. Raf1 Nxb2 26. Bd4 Nd3 27. Bxh8 Kxh8 28. Rxf7 Rxf7 29. Rxf7 Qd8 30. Qe3 Qh4 31. Qd4+ Ne5 32. Rxb7 Rf8 33. Nce2 Qxh6 0-1

[Event "Titled Tuesday intern op 01st Aug Early"]
[Site "Chess.com INT"]
[Date "2023.08.01"]
[Round "3"]
[White "Bruedigam, Martin"]
[Black "Vemparala, Nikash"]
[Result "0-1"]
[WhiteElo "2362"]
[BlackElo "2187"]
[PlyCount "110"]
[EventDate "2023.08.01"]
[EventType "swiss (blitz)"]
[EventRounds "11"]
[EventCountry "USA"]
[SourceTitle "EXT 2024"]
[Source "ChessBase"]
[SourceDate "2023.10.10"]
[SourceVersion "1"]
[SourceVersionDate "2023.10.10"]
[SourceQuality "1"]

1. d4 Nf6 2. c4 e6 3. Nc3 d5 4. cxd5 exd5 5. Bg5 Be7 6. e3 h6 7. Bh4 c6 8. Bd3 0-0 9. Qc2 Re8 10. Nf3 Ne4 11. Bxe7 Qxe7 12. 0-0 Nd7 13. Rab1 Ndf6 14. b4 Bf5 15. a4 a5 16. b5 Rac8 17. b6 c5 18. Qb2 cxd4 19. Nb5 dxe3 20. fxe3 Bh7 21. Nc7 Red8 22. Nd4 Ne8 23. Ndb5 Qc5 24. Qd4 Qxd4 25. exd4 Nd2 26. Bxh7+ Kxh7 27. Rbd1 Nxf1 28. Rxf1 Nxc7 29. bxc7 Rd7 30. Re1 Rdxc7 31. Nxc7 Rxc7 32. Rb1 Rc4 33. Rxb7 Rxd4 34. Rb5 Rxa4 35. Rxd5 Ra2 36. Rd7 Kg6 37. Ra7 a4 38. Ra5 a3 39. h3 Ra1+ 40. Kh2 a2 41. Kg3 f5 42. Ra4 Kf6 43. Ra6+ Ke5 44. Ra5+ Kd4 45. Ra4+ Kc3 46. Ra8 g5 47. Kh2 Kd3 48. Kg3 Ke2 49. Kh2 Kf2 50. Ra3 f4 51. Rf3+ Ke2 52. Ra3 Kd2 53. Ra8 h5 54. Ra5 g4 55. Ra3 g3+ 0-1

[Event "Berlin Werner Ott op"]
[Site "Berlin"]
[Date "2023.07.21"]
[Round "7"]
[White "Bruedigam, Martin"]
[Black "Polatel, Ali"]
[Result "1/2-1/2"]
[WhiteElo "2379"]
[BlackElo "2178"]
[PlyCount "86"]
[EventDate "2023.07.15"]
[EventType "swiss"]
[EventRounds "9"]
[EventCountry "GER"]
[SourceTitle "EXT 2024"]
[Source "ChessBase"]
[SourceDate "2023.10.10"]
[SourceVersion "1"]
[SourceVersionDate "2023.10.10"]
[SourceQuality "1"]

1. d4 d5 2. Nf3 Nf6 3. c4 c6 4. e3 a6 5. b3 Bf5 6. Be2 h6 7. 0-0 e6 8. Ba3 Bxa3 9. Nxa3 Qe7 10. Qc1 0-0 11. Qb2 Nbd7 12. Rac1 a5 13. Nc2 Rfe8 14. a3 e5 15. Rfd1 Bg6 16. Nce1 exd4 17. Nxd4 dxc4 18. Bxc4 Ne5 19. Be2 Ne4 20. Nd3 Nxd3 21. Bxd3 Qf6 22. Qc2 Rad8 23. b4 axb4 24. axb4 h5 25. Ra1 h4 26. h3 Qe7 27. Qb2 Rd7 28. Ra3 Bh5 29. Rda1 Bg6 30. Ra8 Rxa8 31. Rxa8+ Kh7 32. Qc2 Rd6 33. Nf3 Ng5 34. Nd4 Bxd3 35. Qxd3+ g6 36. Qc3 Ne4 37. Qb2 Rd8 38. Ra7 Rd7 39. Qc2 Nf6 40. Qb2 Nd5 41. Nc2 Nf6 42. Nd4 Nd5 43. Nc2 Nf6 1/2-1/2

[Event "Berlin Werner Ott op"]
[Site "Berlin"]
[Date "2023.07.19"]
[Round "5"]
[White "Bruedigam, Martin"]
[Black "Gebigke, Martin"]
[Result "1/2-1/2"]
[WhiteElo "2379"]
[BlackElo "2074"]
[PlyCount "123"]
[EventDate "2023.07.15"]
[EventType "swiss"]
[EventRounds "9"]
[EventCountry "GER"]
[SourceTitle "EXT 2024"]
[Source "ChessBase"]
[SourceDate "2023.10.10"]
[SourceVersion "1"]
[SourceVersionDate "2023.10.10"]
[SourceQuality "1"]

1. d4 Nf6 2. Nf3 d5 3. c3 Bf5 4. Qb3 Qc8 5. c4 dxc4 6. Qxc4 e6 7. Nc3 Nbd7 8. Bf4 c6 9. Rc1 Nb6 10. Qb3 Nbd5 11. Bd2 h6 12. g3 Be7 13. Bg2 0-0 14. 0-0 Ne4 15. Rfd1 Nxd2 16. Nxd2 Nxc3 17. Qxc3 Qb8 18. Be4 Bxe4 19. Nxe4 Rd8 20. Nc5 Qc7 21. Qb3 Rab8 22. e3 Rd5 23. Rd3 h5 24. h4 g6 25. Kg2 Qb6 26. Qc2 Bxc5 27. dxc5 Qa6 28. Rxd5 exd5 29. a3 Re8 30. Rd1 Qa5 31. Rd4 Qc7 32. Rb4 Re7 33. Qb3 Qd7 34. a4 Qc7 35. Qc3 Re6 36. Kf3 Qd7 37. Kg2 Qc7 38. Kg1 Qd7 39. Qb3 Re7 40. a5 a6 41. Kg2 Kh7 42. Rf4 Kg8 43. Qc3 Re6 44. b4 Qe7 45. Kf1 Re5 46. Ke2 Re6 47. Qd4 Re5 48. Kd2 Re6 49. Kd3 Re5 50. Kc3 Re6 51. Kd2 Re5 52. Kd3 Re6 53. f3 Qc7 54. Ke2 Qe7 55. Kf2 Qc7 56. g4 hxg4 57. Rxg4 Qh2+ 58. Rg2 Qe5 59. Qxe5 Rxe5 60. Rg4 Kg7 61. Rf4 f5 62. Rd4 1/2-1/2

[Event "Berlin Werner Ott op"]
[Site "Berlin"]
[Date "2023.07.18"]
[Round "4"]
[White "Matitschka, Heinz"]
[Black "Bruedigam, Martin"]
[Result "0-1"]
[WhiteElo "1876"]
[BlackElo "2379"]
[PlyCount "48"]
[EventDate "2023.07.15"]
[EventType "swiss"]
[EventRounds "9"]
[EventCountry "GER"]
[SourceTitle "EXT 2024"]
[Source "ChessBase"]
[SourceDate "2023.10.10"]
[SourceVersion "1"]
[SourceVersionDate "2023.10.10"]
[SourceQuality "1"]

1. d4 d5 2. c4 e6 3. Nc3 Nf6 4. cxd5 exd5 5. Bg5 c6 6. e3 Be7 7. Bd3 0-0 8. Qc2 Nbd7 9. Nge2 Re8 10. 0-0 Nf8 11. Rab1 a5 12. Bxf6 Bxf6 13. Na4 Be7 14. Ng3 Bd6 15. Nc5 Qg5 16. e4 h5 17. e5 Bxc5 18. Qxc5 Ne6 19. Qc3 Nf4 20. h4 Qxh4 21. Be2 Qxg3 22. Qxg3 Nxe2+ 23. Kh2 Nxg3 24. Kxg3 Ra6 0-1

[Event "Titled Tuesday intern op 11th Jul Late"]
[Site "Chess.com INT"]
[Date "2023.07.11"]
[Round "5"]
[White "Bruedigam, Martin"]
[Black "Castella Garcia, Fausto"]
[Result "1/2-1/2"]
[WhiteElo "2379"]
[BlackElo "2328"]
[PlyCount "84"]
[EventDate "2023.07.11"]
[EventType "swiss (blitz)"]
[EventRounds "11"]
[EventCountry "USA"]
[SourceTitle "EXT 2024"]
[Source "ChessBase"]
[SourceDate "2023.10.10"]
[SourceVersion "1"]
[SourceVersionDate "2023.10.10"]
[SourceQuality "1"]

1. c4 c5 2. g3 g6 3. Bg2 Bg7 4. Nc3 Nf6 5. e3 0-0 6. Nge2 Nc6 7. d4 d6 8. 0-0 Bg4 9. h3 Bd7 10. b3 a6 11. Bb2 Rb8 12. dxc5 dxc5 13. Qd2 Qa5 14. Rfd1 Rfd8 15. Nd5 Qxd2 16. Rxd2 Nxd5 17. cxd5 Bxb2 18. Rxb2 Na5 19. Rc1 Rdc8 20. e4 c4 21. f4 cxb3 22. axb3 Bb5 23. Rxc8+ Rxc8 24. Nd4 Rc1+ 25. Kf2 Bd7 26. e5 Kf8 27. g4 Rc3 28. f5 Bb5 29. g5 gxf5 30. Nxf5 Rxb3 31. Rc2 Nc4 32. d6 exd6 33. Nxd6 Nxe5 34. Rc8+ Ke7 35. Nxb7 Bd7 36. Rc7 Rb2+ 37. Kg1 Rb1+ 38. Kh2 Rb2 39. Kg3 Rb3+ 40. Kh2 Rb2 41. Kh1 Rb1+ 42. Kh2 Rb2 1/2-1/2

[Event "Titled Tuesday intern op 11th Jul Late"]
[Site "Chess.com INT"]
[Date "2023.07.11"]
[Round "1"]
[White "Bruedigam, Martin"]
[Black "Kopacz, Grzegorz"]
[Result "1-0"]
[WhiteElo "2379"]
[BlackElo "1997"]
[PlyCount "59"]
[EventDate "2023.07.11"]
[EventType "swiss (blitz)"]
[EventRounds "11"]
[EventCountry "USA"]
[SourceTitle "EXT 2024"]
[Source "ChessBase"]
[SourceDate "2023.10.10"]
[SourceVersion "1"]
[SourceVersionDate "2023.10.10"]
[SourceQuality "1"]

1. c4 e5 2. Nc3 Nf6 3. a3 d5 4. cxd5 Nxd5 5. e4 Nb6 6. Nf3 Nc6 7. Bb5 Bd6 8. h3 0-0 9. 0-0 Nd4 10. d3 c6 11. Ba4 Nxa4 12. Nxa4 f5 13. Nc3 f4 14. b4 g5 15. Nh2 Qf6 16. f3 h5 17. Ne2 c5 18. Bb2 Nxe2+ 19. Qxe2 cxb4 20. axb4 Bxb4 21. d4 exd4 22. Qc4+ Be6 23. Qxb4 Rfd8 24. Rfd1 g4 25. Bxd4 Qh4 26. Qxb7 Bf7 27. hxg4 hxg4 28. Nxg4 Rab8 29. Qc7 Rbc8 30. Qe5 1-0

[Event "Titled Tuesday intern op 11th Jul Early"]
[Site "Chess.com INT"]
[Date "2023.07.11"]
[Round "4"]
[White "Bruedigam, Martin"]
[Black "Mayaud, Raphael"]
[Result "1-0"]
[WhiteElo "2379"]
[BlackElo "2201"]
[PlyCount "61"]
[EventDate "2023.07.11"]
[EventType "swiss (blitz)"]
[EventRounds "11"]
[EventCountry "USA"]
[SourceTitle "EXT 2024"]
[Source "ChessBase"]
[SourceDate "2023.10.10"]
[SourceVersion "1"]
[SourceVersionDate "2023.10.10"]
[SourceQuality "1"]

1. c4 c6 2. e4 d5 3. exd5 cxd5 4. d4 Nf6 5. Nc3 Nc6 6. Nf3 g6 7. c5 Bg7 8. h3 0-0 9. Be2 Ne4 10. 0-0 Be6 11. Qb3 Na5 12. Qc2 Nxc3 13. Qxc3 Nc6 14. b4 a6 15. a4 Bf5 16. Bf4 e5 17. dxe5 d4 18. Qc4 Be6 19. Qc1 Nxb4 20. Rd1 Nc6 21. Qb2 Qd5 22. Nxd4 Nxd4 23. Qxd4 Rfd8 24. Qxd5 Rxd5 25. Rxd5 Bxd5 26. a5 Bc6 27. Rd1 Re8 28. Bc4 Kf8 29. Re1 Rd8 30. e6 Rd4 31. Bd6+ 1-0

[Event "Titled Tuesday intern op 11th Jul Late"]
[Site "Chess.com INT"]
[Date "2023.07.11"]
[Round "3"]
[White "Esmeraldas Huachi, Anderson Yahir"]
[Black "Bruedigam, Martin"]
[Result "0-1"]
[WhiteElo "2141"]
[BlackElo "2379"]
[PlyCount "64"]
[EventDate "2023.07.11"]
[EventType "swiss (blitz)"]
[EventRounds "11"]
[EventCountry "USA"]
[SourceTitle "EXT 2024"]
[Source "ChessBase"]
[SourceDate "2023.10.10"]
[SourceVersion "1"]
[SourceVersionDate "2023.10.10"]
[SourceQuality "1"]

1. d4 Nf6 2. Nf3 g6 3. Bf4 Bg7 4. e3 0-0 5. Be2 c5 6. c3 b6 7. Nbd2 Bb7 8. 0-0 d6 9. h3 Nbd7 10. Bh2 Qc7 11. Re1 a6 12. a4 e5 13. Nc4 Ne4 14. Qb3 Bd5 15. Red1 cxd4 16. cxd4 exd4 17. Rac1 dxe3 18. Qxe3 Qb7 19. Nxd6 Nxd6 20. Bxd6 Rfe8 21. Qd2 Bc6 22. Bb4 Bxa4 23. b3 Bxb3 24. Qxd7 Qxd7 25. Rxd7 Rxe2 26. Rcc7 a5 27. Bc3 Bxc3 28. Rxc3 a4 29. Nd4 Re1+ 30. Kh2 Rd1 31. Rd6 a3 32. Rxb3 a2 0-1

[Event "Titled Tuesday intern op 11th Jul Late"]
[Site "Chess.com INT"]
[Date "2023.07.11"]
[Round "11"]
[White "Hernandez Jimenez, Jeronimo"]
[Black "Bruedigam, Martin"]
[Result "0-1"]
[WhiteElo "2137"]
[BlackElo "2379"]
[PlyCount "54"]
[EventDate "2023.07.11"]
[EventType "swiss (blitz)"]
[EventRounds "11"]
[EventCountry "USA"]
[SourceTitle "EXT 2024"]
[Source "ChessBase"]
[SourceDate "2023.10.10"]
[SourceVersion "1"]
[SourceVersionDate "2023.10.10"]
[SourceQuality "1"]

1. c4 g6 2. Nc3 Bg7 3. d4 Nf6 4. e4 d6 5. Be2 0-0 6. Nf3 e5 7. d5 a5 8. Be3 Na6 9. Nd2 Nd7 10. g4 Bf6 11. h4 Bxh4 12. Nf3 Bf6 13. Qd2 Nac5 14. 0-0-0 c6 15. Rh2 Re8 16. Rdh1 Nf8 17. Bh6 Bxg4 18. Bxf8 Kxf8 19. Rxh7 Ke7 20. Ng5 Rf8 21. Bxg4 Ke8 22. Nf3 a4 23. Rd1 Be7 24. Kc2 Qb6 25. dxc6 bxc6 26. Nxe5 Rb8 27. Kc1 Bg5 0-1

[Event "Titled Tuesday intern op 11th Jul Late"]
[Site "Chess.com INT"]
[Date "2023.07.11"]
[Round "4"]
[White "Kramnik, Vladimir"]
[Black "Bruedigam, Martin"]
[Result "1-0"]
[WhiteElo "2753"]
[BlackElo "2379"]
[PlyCount "83"]
[EventDate "2023.07.11"]
[EventType "swiss (blitz)"]
[EventRounds "11"]
[EventCountry "USA"]
[SourceTitle "EXT 2024"]
[Source "ChessBase"]
[SourceDate "2023.10.10"]
[SourceVersion "1"]
[SourceVersionDate "2023.10.10"]
[SourceQuality "1"]

1. e4 e5 2. Nf3 Nc6 3. g3 Nf6 4. d3 Bc5 5. Bg2 d6 6. c3 Bb6 7. Nbd2 a6 8. 0-0 0-0 9. a4 h6 10. b4 Be6 11. Bb2 Re8 12. Re1 a5 13. b5 Ne7 14. d4 Ng6 15. Qc2 Rc8 16. Rad1 Qe7 17. Ba3 Nd7 18. h3 f6 19. Nf1 Red8 20. Ne3 Ndf8 21. h4 Qf7 22. d5 Bd7 23. Nc4 Bg4 24. Nh2 Bxd1 25. Rxd1 Qe7 26. Bh3 Nd7 27. Qe2 Ngf8 28. h5 Ra8 29. Bf5 Nc5 30. Qc2 Qe8 31. Bxc5 Bxc5 32. Qe2 c6 33. dxc6 bxc6 34. bxc6 Qxc6 35. Ng4 Ra7 36. Nb2 Rb7 37. Nd3 Ba7 38. Kg2 Rc7 39. Rb1 Kh8 40. Rb5 Bb6 41. Ne3 Bxe3 42. Qxe3 1-0

[Event "Titled Tuesday intern op 11th Jul Early"]
[Site "Chess.com INT"]
[Date "2023.07.11"]
[Round "5"]
[White "Rios Escobar, Adan"]
[Black "Bruedigam, Martin"]
[Result "0-1"]
[WhiteElo "2234"]
[BlackElo "2379"]
[PlyCount "166"]
[EventDate "2023.07.11"]
[EventType "swiss (blitz)"]
[EventRounds "11"]
[EventCountry "USA"]
[SourceTitle "EXT 2024"]
[Source "ChessBase"]
[SourceDate "2023.10.10"]
[SourceVersion "1"]
[SourceVersionDate "2023.10.10"]
[SourceQuality "1"]

1. d4 Nf6 2. g3 d5 3. Nf3 Bf5 4. c4 c6 5. Nc3 e6 6. Nh4 Bg4 7. h3 Bh5 8. g4 Bg6 9. g5 Ne4 10. Nxg6 Nxc3 11. bxc3 hxg6 12. Qb3 b6 13. h4 Bd6 14. Bg2 Nd7 15. cxd5 cxd5 16. c4 dxc4 17. Qxc4 Rc8 18. Qb3 e5 19. Bd5 Qe7 20. Bb2 Kf8 21. Rd1 e4 22. Kf1 b5 23. Qe3 Rc2 24. Rc1 Rxc1+ 25. Bxc1 Nb6 26. Qxe4 Qc7 27. Bc6 Kg8 28. d5 Nc4 29. Qe8+ Kh7 30. h5 Rxe8 31. hxg6+ Kxg6 32. Bxe8 Ne5 33. Be3 Ng4 34. Bd4 Qc1+ 35. Kg2 Qxg5 36. Kf1 Qc1+ 37. Kg2 Qf4 38. Rh3 Qxd4 39. e3 Qxd5+ 40. Kg1 Nf6 41. Rh8 Qd1+ 42. Kg2 Nxe8 43. Rxe8 Qg4+ 44. Kf1 Bc5 45. Rh8 Qd1+ 46. Kg2 Qg4+ 47. Kf1 f6 48. Rh2 Bb4 49. Rg2 Kf5 50. Rxg4 Kxg4 51. Ke2 Bc5 52. f3+ Kf5 53. Kd3 g5 54. Ke2 Ke5 55. Kd3 f5 56. Ke2 a6 57. Kd3 f4 58. e4 Ba3 59. Kc3 Kd6 60. Kd4 Bb2+ 61. Kd3 Kc5 62. Kc2 Be5 63. Kd3 Kb4 64. Kc2 Ka3 65. Kb1 a5 66. Kc2 b4 67. Kb1 a4 68. Kc2 b3+ 69. axb3 axb3+ 70. Kb1 b2 71. Kc2 Ka2 72. Kd3 b1Q+ 73. Kc4 Qf1+ 74. Kd5 Qxf3 75. Ke6 Kb3 76. Kf5 Kc4 77. Kg6 Kd4 78. Kf5 Bc7 79. Ke6 Ba5 80. Kd7 Qxe4 81. Kc8 Qe7 82. Kb8 Bb6 83. Kc8 Qc7# 0-1

[Event "Titled Tuesday intern op 04th Jul Early"]
[Site "Chess.com INT"]
[Date "2023.07.04"]
[Round "10"]
[White "Bruedigam, Martin"]
[Black "Amilal, Munkhdalai"]
[Result "0-1"]
[WhiteElo "2379"]
[BlackElo "2437"]
[PlyCount "118"]
[EventDate "2023.07.04"]
[EventType "swiss (blitz)"]
[EventRounds "11"]
[EventCountry "USA"]
[SourceTitle "EXT 2024"]
[Source "ChessBase"]
[SourceDate "2023.10.10"]
[SourceVersion "1"]
[SourceVersionDate "2023.10.10"]
[SourceQuality "1"]

1. c4 Nf6 2. g3 c6 3. b3 d5 4. Bb2 Bf5 5. d3 e6 6. Bg2 h6 7. Nf3 Nbd7 8. 0-0 Be7 9. Nbd2 0-0 10. Re1 Bh7 11. a3 a5 12. Qc2 Qb6 13. Rab1 Rfe8 14. h3 Bf8 15. e4 dxe4 16. dxe4 Rad8 17. Qc3 Nc5 18. Ne5 Ncd7 19. Nd3 e5 20. b4 axb4 21. axb4 c5 22. b5 Bd6 23. Nf1 Nf8 24. Qd2 Ne6 25. Bc3 Qc7 26. Qb2 Nd4 27. Ra1 Ra8 28. f3 b6 29. Ne3 Qb7 30. Kf2 Kh8 31. Rxa8 Rxa8 32. Ra1 Rxa1 33. Qxa1 Nxe4+ 34. fxe4 Bxe4 35. Qh1 Bxg2 36. Qxg2 e4 37. Nf4 Qa8 38. Kg1 Qa3 39. Ned5 Qc1+ 40. Kf2 Qc2+ 41. Kf1 Qd1+ 42. Kf2 Bxf4 43. Qxe4 Bg5 44. Bxd4 cxd4 45. h4 Bc1 46. Qe8+ Kh7 47. Qe4+ g6 48. Nf6+ Kg7 49. Qe5 Be3+ 50. Kg2 Qe2+ 51. Kh3 Qf1+ 52. Kh2 Qxf6 53. Qxf6+ Kxf6 54. c5 d3 55. c6 d2 56. c7 d1Q 57. c8Q Qg1+ 58. Kh3 Qh1+ 59. Kg4 h5# 0-1

[Event "Titled Tuesday intern op 04th Jul Late"]
[Site "Chess.com INT"]
[Date "2023.07.04"]
[Round "2"]
[White "Bruedigam, Martin"]
[Black "Deac, Bogdan Daniel"]
[Result "0-1"]
[WhiteElo "2379"]
[BlackElo "2693"]
[PlyCount "136"]
[EventDate "2023.07.04"]
[EventType "swiss (blitz)"]
[EventRounds "11"]
[EventCountry "USA"]
[SourceTitle "EXT 2024"]
[Source "ChessBase"]
[SourceDate "2023.10.10"]
[SourceVersion "1"]
[SourceVersionDate "2023.10.10"]
[SourceQuality "1"]

1. c4 f5 2. d4 Nf6 3. Nc3 e6 4. Bg5 Bb4 5. e3 h6 6. Bxf6 Bxc3+ 7. bxc3 Qxf6 8. Bd3 d6 9. f4 e5 10. Qh5+ g6 11. Qh3 e4 12. Bc2 Nd7 13. Ne2 c5 14. Ba4 Kd8 15. Bxd7 Bxd7 16. Rb1 Kc7 17. Qg3 Qf7 18. 0-0 Qxc4 19. Rb2 Rhg8 20. Qh4 h5 21. Rd1 Qf7 22. c4 Rac8 23. dxc5 dxc5 24. Nc3 Kb8 25. Nd5 Rge8 26. Qe1 Bc6 27. Qa5 Red8 28. Rbd2 Bxd5 29. Rxd5 Rxd5 30. Rxd5 b6 31. Qb5 Qe6 32. a4 Qc6 33. Qb3 Kc7 34. Qd1 Qe6 35. h3 Qe7 36. Re5 Qf6 37. Rd5 Rd8 38. Kh2 Rxd5 39. Qxd5 Qc6 40. Qf7+ Kb8 41. h4 Ka8 42. Qg7 Kb8 43. Qf7 Qd6 44. Qg7 a6 45. Qf7 Kc8 46. Qa7 a5 47. Qa8+ Kd7 48. Qb7+ Ke8 49. Kh3 Qe6 50. Kh2 Qd6 51. Kh3 Kd8 52. Kh2 Qf6 53. Kh3 Qe6 54. Kh2 Qd6 55. Kh3 Qc7 56. Qd5+ Qd7 57. Qg8+ Qe8 58. Qd5+ Kc7 59. Kh2 Qxa4 60. Qf7+ Qd7 61. Qxg6 a4 62. Qxh5 a3 63. Qe2 Qd3 64. Qa2 Qxe3 65. g3 Qc3 66. h5 Qb2+ 67. Qxb2 axb2 68. h6 b1Q 0-1

[Event "Titled Tuesday intern op 04th Jul Late"]
[Site "Chess.com INT"]
[Date "2023.07.04"]
[Round "4"]
[White "Bruedigam, Martin"]
[Black "Luke Brezmes, Cristofer"]
[Result "0-1"]
[WhiteElo "2379"]
[BlackElo "2087"]
[PlyCount "72"]
[EventDate "2023.07.04"]
[EventType "swiss (blitz)"]
[EventRounds "11"]
[EventCountry "USA"]
[SourceTitle "EXT 2024"]
[Source "ChessBase"]
[SourceDate "2023.10.10"]
[SourceVersion "1"]
[SourceVersionDate "2023.10.10"]
[SourceQuality "1"]

1. c4 e5 2. e3 d6 3. Nf3 f5 4. d4 e4 5. Nfd2 Nf6 6. Nc3 c6 7. f3 d5 8. cxd5 cxd5 9. fxe4 fxe4 10. Bb5+ Bd7 11. 0-0 Bxb5 12. Nxb5 a6 13. Nc3 Bd6 14. Rxf6 Qxf6 15. Nxd5 Qh4 16. g3 Bxg3 17. Qe2 Bd6 18. Qg2 0-0 19. Nf1 Nc6 20. Bd2 Rf5 21. Be1 Qh6 22. Nc3 Rg5 23. Bg3 Bxg3 24. Nxg3 Rg4 25. Re1 Re8 26. Ncxe4 Rexe4 27. h3 Rg6 28. Qxe4 Rxg3+ 29. Kf2 Qg6 30. Qd5+ Kh8 31. Rf1 h6 32. Ke1 Rxe3+ 33. Kf2 Rxh3 34. Ke2 Qd3+ 35. Kf2 Qe3+ 36. Kg2 Qg3# 0-1

[Event "Titled Tuesday intern op 04th Jul Early"]
[Site "Chess.com INT"]
[Date "2023.07.04"]
[Round "2"]
[White "Mendonca, Leon Luke"]
[Black "Bruedigam, Martin"]
[Result "0-1"]
[WhiteElo "2627"]
[BlackElo "2379"]
[PlyCount "62"]
[EventDate "2023.07.04"]
[EventType "swiss (blitz)"]
[EventRounds "11"]
[EventCountry "USA"]
[SourceTitle "EXT 2024"]
[Source "ChessBase"]
[SourceDate "2023.10.10"]
[SourceVersion "1"]
[SourceVersionDate "2023.10.10"]
[SourceQuality "1"]

1. e4 e5 2. Nf3 Nc6 3. Bc4 Bc5 4. d3 Nf6 5. h3 a6 6. a3 Ba7 7. Nc3 d6 8. Ne2 Be6 9. Bxe6 fxe6 10. Ng3 Qd7 11. 0-0 0-0 12. Re1 Qf7 13. Be3 Bxe3 14. Rxe3 a5 15. a4 b6 16. c3 h6 17. Qb3 Rae8 18. Qc4 Qd7 19. Rd1 Kh8 20. Qb3 Rf7 21. Rd2 Ref8 22. d4 exd4 23. cxd4 Nb4 24. Qd1 Qe8 25. b3 Ng8 26. Nh4 Ne7 27. Qg4 Rf4 28. Qxe6 Rxh4 29. d5 Rhf4 30. e5 Nexd5 31. Rxd5 Qxe6 0-1

[Event "Titled Tuesday intern op 27th Jun Late"]
[Site "Chess.com INT"]
[Date "2023.06.27"]
[Round "6"]
[White "Bruedigam, Martin"]
[Black "Matinian, Nikita"]
[Result "0-1"]
[WhiteElo "2379"]
[BlackElo "2416"]
[PlyCount "52"]
[EventDate "2023.06.27"]
[EventType "swiss (blitz)"]
[EventRounds "11"]
[EventCountry "USA"]
[SourceTitle "EXT 2024"]
[Source "ChessBase"]
[SourceDate "2023.10.10"]
[SourceVersion "1"]
[SourceVersionDate "2023.10.10"]
[SourceQuality "1"]

1. d4 Nf6 2. c4 g6 3. f3 Bg7 4. e4 0-0 5. Nc3 d6 6. Be3 Nc6 7. Qd2 a6 8. Nge2 Re8 9. Rb1 b5 10. cxb5 axb5 11. Nxb5 Rxa2 12. Na3 e5 13. d5 Nd4 14. Nc1 Rxa3 15. bxa3 Nh5 16. Bd3 f5 17. 0-0 f4 18. Bxd4 exd4 19. Rb8 Qe7 20. Ne2 g5 21. Qa5 Be5 22. Qa8 Bd7 23. Rc1 g4 24. Rxc7 Nf6 25. Rxe8+ Nxe8 26. Qc8 Qh4 0-1

[Event "Titled Tuesday intern op 27th Jun Early"]
[Site "Chess.com INT"]
[Date "2023.06.27"]
[Round "5"]
[White "Bruedigam, Martin"]
[Black "Tabuenca Mendataurigoitia, Daniel"]
[Result "1/2-1/2"]
[WhiteElo "2379"]
[BlackElo "2312"]
[PlyCount "129"]
[EventDate "2023.06.27"]
[EventType "swiss (blitz)"]
[EventRounds "11"]
[EventCountry "USA"]
[SourceTitle "EXT 2024"]
[Source "ChessBase"]
[SourceDate "2023.10.10"]
[SourceVersion "1"]
[SourceVersionDate "2023.10.10"]
[SourceQuality "1"]

1. d4 Nf6 2. c4 g6 3. f3 Bg7 4. e4 d6 5. Nc3 0-0 6. Be3 c5 7. d5 e6 8. Qd2 exd5 9. cxd5 a6 10. a4 Qc7 11. Nge2 Nbd7 12. Ng3 h5 13. Bg5 Nh7 14. Bh6 h4 15. Bxg7 Kxg7 16. Nge2 c4 17. Nf4 Ne5 18. Be2 h3 19. g3 Qc5 20. a5 Bd7 21. Na4 Bxa4 22. Rxa4 b5 23. axb6 Rfb8 24. Nxh3 Rxb6 25. Nf2 Rab8 26. Ra2 Rb3 27. 0-0 Rxf3 28. Kg2 Rf6 29. Rxa6 Qb4 30. Qxb4 Rxb4 31. Nd1 Rxf1 32. Kxf1 Nf6 33. Rxd6 Nxe4 34. Rd8 Rb6 35. Re8 f6 36. g4 Kf7 37. Rc8 g5 38. Ke1 Nd6 39. Rc5 Ke7 40. Ra5 Kd7 41. Kd2 Rb3 42. Ra7+ Kc8 43. Nc3 Rxb2+ 44. Ke3 Rb3 45. Kd4 Rxc3 46. Ra6 Nb5+ 47. Kc5 Rb3 48. Bxc4 Rc3 49. Kxb5 Rxc4 50. Rxf6 Rxg4 51. Rf5 Nd7 52. Kc6 Rc4+ 53. Kd6 Rf4 54. Rxg5 Nb6 55. Kc6 Rf6+ 56. d6 Nd7 57. Rg8+ Nf8 58. h4 Kd8 59. h5 Ke8 60. h6 Rxh6 61. Kc7 Rh7+ 62. Kc8 Kf7 63. Rxf8+ Kxf8 64. d7 Rxd7 65. Kxd7 1/2-1/2

[Event "Titled Tuesday intern op 27th Jun Early"]
[Site "Chess.com INT"]
[Date "2023.06.27"]
[Round "7"]
[White "Veiga, Jose Francisco RP"]
[Black "Bruedigam, Martin"]
[Result "1/2-1/2"]
[WhiteElo "2409"]
[BlackElo "2379"]
[PlyCount "29"]
[EventDate "2023.06.27"]
[EventType "swiss (blitz)"]
[EventRounds "11"]
[EventCountry "USA"]
[SourceTitle "EXT 2024"]
[Source "ChessBase"]
[SourceDate "2023.10.10"]
[SourceVersion "1"]
[SourceVersionDate "2023.10.10"]
[SourceQuality "1"]

1. c4 Nf6 2. Nc3 c5 3. g3 Nc6 4. Bg2 g6 5. e4 Bg7 6. Nge2 0-0 7. 0-0 Ne8 8. a3 Nc7 9. Rb1 a5 10. d3 Ne6 11. Be3 b6 12. b4 axb4 13. axb4 Nxb4 14. Nd5 Nxd5 15. exd5 1/2-1/2